[Event "Kharkov Rector Cup (Women) 14th"]
[Site "Kharkov"]
[Date "2012.04.02"]
[Round "8"]
[White "Rakhmangulova, Anastasiya"]
[Black "Romanova, Inna"]
[Result "1-0"]
[WhiteElo "2215"]
[BlackElo "2260"]
[PlyCount "107"]
[EventDate "2012.03.26"]
[EventType "tourn"]
[EventRounds "9"]
[EventCountry "UKR"]
[SourceTitle "CBM 147 Extra"]
[Source "ChessBase"]
[SourceDate "2012.04.24"]
[SourceVersion "1"]
[SourceVersionDate "2012.04.24"]
[SourceQuality "1"]

1. e4 e6 2. d3 d5 3. Nd2 Nf6 4. Ngf3 b6 5. c3 c5 6. Qc2 Qc7 7. Be2 Bb7 8. 0-0 Be7 9. Re1 0-0 10. exd5 Nxd5 11. Ne4 Nf4 12. Bf1 Nd7 13. g3 Ng6 14. Bg2 Nf6 15. Bg5 Nxe4 16. dxe4 Bxg5 17. Nxg5 h6 18. Nf3 e5 19. Nd2 Ne7 20. Nc4 b5 21. Ne3 c4 22. Rad1 Bc6 23. Nd5 Bxd5 24. exd5 Rad8 25. Qe2 Ng6 26. h4 Rfe8 27. h5 Nf8 28. Qg4 Nh7 29. Qf5 Qd6 30. Rd2 Qf6 31. Qg4 Qg5 32. Qxg5 Nxg5 33. f4 exf4 34. Rxe8+ Rxe8 35. gxf4 Ne4 36. Bxe4 Rxe4 37. d6 Re8 38. Kf2 Kf8 39. Kf3 g6 40. f5 gxf5 41. Kf4 f6 42. Kxf5 Kf7 43. Rd5 Rg8 44. d7 Rd8 45. Rd6 Ke7 46. Rxf6 Rxd7 47. Rxh6 Rd2 48. Rh7+ Kd6 49. Rxa7 Rxb2 50. h6 b4 51. cxb4 Rh2 52. h7 Kc6 53. Kg6 Kb6 54. Ra8 1-0

[Event "Kharkov Rector Cup (Women) 14th"]
[Site "Kharkov"]
[Date "2012.03.30"]
[Round "5"]
[White "Doluhanova, Evgeniya"]
[Black "Romanova, Inna"]
[Result "1/2-1/2"]
[WhiteElo "2269"]
[BlackElo "2260"]
[PlyCount "86"]
[EventDate "2012.03.26"]
[EventType "tourn"]
[EventRounds "9"]
[EventCountry "UKR"]
[SourceTitle "CBM 147 Extra"]
[Source "ChessBase"]
[SourceDate "2012.04.24"]
[SourceVersion "1"]
[SourceVersionDate "2012.04.24"]
[SourceQuality "1"]

1. e4 e6 2. d4 d5 3. Nc3 dxe4 4. Nxe4 Nf6 5. Nxf6+ Qxf6 6. Nf3 h6 7. Bd3 c5 8. 0-0 Nc6 9. Be3 Be7 10. c3 cxd4 11. Nxd4 Nxd4 12. Bxd4 e5 13. Qa4+ Kf8 14. Be3 g5 15. Be4 Qd6 16. b4 Qc7 17. Rfd1 Kg7 18. Rac1 Rd8 19. Rxd8 Bxd8 20. b5 f5 21. Bc2 a6 22. b6 Qd7 23. Qa5 Qb5 24. Qa3 Bf6 25. Ba4 Qc4 26. Bc5 Qf7 27. Bd6 Bd7 28. c4 Rc8 29. c5 Qe8 30. Bxd7 Qxd7 31. h3 e4 32. Rd1 Qe6 33. Qb3 Qxb3 34. axb3 Rc6 35. Rd5 Kg6 36. g3 Bc3 37. Be7 Bb4 38. Rd7 Bxc5 39. Bxc5 Rxc5 40. Rxb7 Rb5 41. Rb8 Rxb3 42. b7 Kg7 43. Kg2 a5 1/2-1/2

[Event "Kharkov Rector Cup (Women) 14th"]
[Site "Kharkov"]
[Date "2012.03.26"]
[Round "1"]
[White "Severina, Maria"]
[Black "Romanova, Inna"]
[Result "0-1"]
[WhiteElo "2221"]
[BlackElo "2260"]
[PlyCount "80"]
[EventDate "2012.03.26"]
[EventType "tourn"]
[EventRounds "9"]
[EventCountry "UKR"]
[SourceTitle "CBM 147 Extra"]
[Source "ChessBase"]
[SourceDate "2012.04.24"]
[SourceVersion "1"]
[SourceVersionDate "2012.04.24"]
[SourceQuality "1"]

1. d4 e6 2. c4 Nf6 3. Nf3 b6 4. g3 Bb7 5. Bg2 Be7 6. 0-0 0-0 7. Nc3 Ne4 8. Qc2 Nxc3 9. Qxc3 a5 10. Rd1 Be4 11. Bf4 Na6 12. a3 f5 13. Rac1 Qe8 14. d5 Bf6 15. Be5 exd5 16. Bxf6 Rxf6 17. cxd5 a4 18. d6 cxd6 19. Qc4+ d5 20. Qxa4 Nc5 21. Qb5 Ra5 22. Qb4 Ra4 23. Qe1 Rc4 24. Nh4 f4 25. Rc3 fxg3 26. hxg3 Rxc3 27. bxc3 Qh5 28. Qd2 Bxg2 29. Nxg2 Rxf2 30. Qxd5+ Qxd5 31. Rxd5 Rxe2 32. Rd6 Ra2 33. Rxb6 Rxa3 34. Nf4 Rxc3 35. Kg2 Ne4 36. Ne2 Re3 37. Rb2 Kf7 38. Kh3 h5 39. Kh4 g6 40. Nf4 Rxg3 0-1

[Event "Kharkov (Women) 5th"]
[Site "Kharkov"]
[Date "2008.10.27"]
[Round "1"]
[White "Andrenko, Irina"]
[Black "Romanova, Inna"]
[Result "1/2-1/2"]
[WhiteElo "2211"]
[BlackElo "2257"]
[PlyCount "48"]
[EventDate "2008.10.27"]
[EventType "tourn"]
[EventRounds "9"]
[EventCountry "UKR"]
[SourceTitle "EXT 2009"]
[Source "ChessBase"]
[SourceDate "2008.11.26"]
[SourceVersion "1"]
[SourceVersionDate "2008.11.26"]
[SourceQuality "1"]

1. e4 e6 2. d4 d5 3. Nc3 Nf6 4. Bg5 Be7 5. e5 Nfd7 6. h4 c5 7. Bxe7 Kxe7 8. f4 Nc6 9. Nf3 Qb6 10. Na4 Qa5+ 11. c3 b5 12. Nxc5 Nxc5 13. dxc5 b4 14. Nd4 Qxc5 15. Nxc6+ Qxc6 16. cxb4 Qb6 17. Qd2 Bd7 18. Rh3 Rhc8 19. Rc3 Qxb4 20. Rxc8 Qe4+ 21. Qe2 Qxe2+ 22. Bxe2 Rxc8 23. Kd2 f6 24. Rc1 Rxc1 1/2-1/2

[Event "Oberliga NRW 0607"]
[Site "Germany"]
[Date "2007.04.15"]
[Round "8.7"]
[White "Romanova, Inna"]
[Black "Roski, Ferdinand"]
[Result "1-0"]
[WhiteElo "2272"]
[BlackElo "2174"]
[PlyCount "97"]
[EventDate "2006.09.17"]
[EventType "team-tourn"]
[EventRounds "9"]
[EventCountry "GER"]
[SourceTitle "EXT 2008"]
[Source "ChessBase"]
[SourceDate "2007.11.25"]
[SourceVersion "1"]
[SourceVersionDate "2007.11.25"]
[SourceQuality "1"]
[WhiteTeam "Betzdorf Kirchen"]
[BlackTeam "Godesberg II"]
[WhiteTeamCountry "GER"]
[BlackTeamCountry "GER"]

1. d4 Nf6 2. c4 g6 3. Nc3 Bg7 4. e4 d6 5. f3 Nbd7 6. Nh3 e5 7. d5 0-0 8. Bg5 h6 9. Be3 a5 10. Qd2 Nc5 11. Nf2 Kh7 12. g4 Ng8 13. h4 Ne7 14. Be2 a4 15. Bd1 Bd7 16. Bc2 Nc8 17. 0-0-0 Nb6 18. Qe2 a3 19. b3 Qe7 20. Kb1 Nc8 21. Nd3 Nxd3 22. Bxd3 c6 23. Bc1 Qd8 24. Kc2 Ne7 25. Kb1 Qa5 26. Bd2 Qc7 27. Rc1 Kg8 28. Be3 Kh7 29. Qd2 Qa5 30. Rc2 Rac8 31. h5 g5 32. Rhc1 Bf6 33. Qf2 Kg7 34. Bd2 Qd8 35. Nd1 b5 36. dxc6 Rxc6 37. cxb5 Rxc2 38. Rxc2 d5 39. Qc5 Qa8 40. b6 Rc8 41. Qd6 Rxc2 42. Bxc2 Bc6 43. Qb4 Bb7 44. Ne3 Qa6 45. Bc1 d4 46. Nc4 Nc8 47. Qa5 Be7 48. Qxe5+ f6 49. Qxd4 1-0

[Event "Kharkov Rector Cup (Women) 7th"]
[Site "Kharkov"]
[Date "2005.04.24"]
[Round "5"]
[White "Romanova, Inna"]
[Black "Bodnaruk, Anastasia"]
[Result "1-0"]
[WhiteElo "2242"]
[BlackElo "2198"]
[PlyCount "59"]
[EventDate "2005.04.20"]
[EventType "tourn"]
[EventRounds "11"]
[EventCountry "UKR"]
[SourceTitle "CBM 105 Extra"]
[Source "ChessBase"]
[SourceDate "2005.05.01"]
[SourceVersion "1"]
[SourceVersionDate "2005.05.01"]
[SourceQuality "1"]

1. d4 Nf6 2. c4 g6 3. Nc3 Bg7 4. e4 d6 5. f3 0-0 6. Be3 e5 7. d5 c6 8. Bd3 cxd5 9. cxd5 a6 10. Nge2 Nbd7 11. b4 Nh5 12. Qd2 f5 13. exf5 gxf5 14. Bg5 Ndf6 15. 0-0 Qe8 16. Rac1 Bd7 17. f4 e4 18. Bc2 Kh8 19. Nd1 Rg8 20. Ne3 b5 21. Nd4 Qg6 22. Bd1 h6 23. Bh4 Raf8 24. Rc7 Bc8 25. Nc6 Rf7 26. Ne7 Rxe7 27. Rxe7 Ne8 28. g3 Bf8 29. Qc3+ Nhf6 30. Rxe8 1-0

[Event "NRW Class1 0405"]
[Site "Germany"]
[Date "2005.04.03"]
[Round "8.5"]
[White "Romanova, Inna"]
[Black "Silbermann, Frank"]
[Result "1-0"]
[WhiteElo "2242"]
[BlackElo "2148"]
[PlyCount "59"]
[EventDate "2004.10.10"]
[EventType "team"]
[EventRounds "9"]
[EventCountry "GER"]
[SourceTitle "EXT 2006"]
[Source "ChessBase"]
[SourceDate "2005.11.24"]
[SourceVersion "1"]
[SourceVersionDate "2005.11.24"]
[SourceQuality "1"]
[WhiteTeam "Betzdorf Kirchen"]
[BlackTeam "Koeln Brueck"]
[WhiteTeamCountry "GER"]
[BlackTeamCountry "GER"]

1. d4 Nf6 2. c4 c5 3. d5 b5 4. Nd2 Qa5 5. Qc2 bxc4 6. e4 e6 7. Bxc4 Bb7 8. Ngf3 Be7 9. 0-0 exd5 10. exd5 0-0 11. Re1 Bd8 12. Ne4 Na6 13. Nxf6+ Bxf6 14. Bg5 Nb4 15. Qf5 Bxb2 16. Rab1 Bc3 17. Rec1 g6 18. Qxd7 Bc8 19. Qd6 Bg7 20. a3 Qxa3 21. Bf6 Bxf6 22. Qxf6 Qa5 23. d6 Ba6 24. Bxa6 Nxa6 25. Ra1 Qb6 26. Ne5 Rad8 27. Ng4 h5 28. Nh6+ Kh7 29. Nxf7 Kg8 30. Qxg6# 1-0

[Event "Kharkov Femida"]
[Site "Kharkov"]
[Date "2003.10.14"]
[Round "8"]
[White "Romanova, Inna"]
[Black "Dvoretska, Olena"]
[Result "0-1"]
[WhiteElo "2256"]
[BlackElo "2212"]
[PlyCount "108"]
[EventDate "2003.10.06"]
[EventType "tourn"]
[EventRounds "11"]
[EventCountry "UKR"]
[SourceTitle "CBM 096 Extra"]
[Source "ChessBase"]
[SourceDate "2003.10.22"]
[SourceVersion "2"]
[SourceVersionDate "2003.10.20"]
[SourceQuality "1"]

1. d4 Nf6 2. c4 g6 3. Nc3 d5 4. cxd5 Nxd5 5. Bd2 Bg7 6. e4 Nb6 7. Be3 Nc6 8. d5 Na5 9. Bd4 e5 10. Bc5 Bd7 11. b3 Nc8 12. Nf3 b6 13. Ba3 Nb7 14. Bb5 Bxb5 15. Nxb5 a6 16. Nc3 Nbd6 17. Qd2 h6 18. g4 Ne7 19. h4 Qd7 20. Rg1 0-0-0 21. 0-0-0 Kb7 22. Kb1 Rhg8 23. g5 h5 24. Qe3 Nec8 25. Rc1 Na7 26. Bb2 Rge8 27. Rc2 Rc8 28. Rgc1 Qg4 29. Rg1 Qd7 30. a4 a5 31. Rgc1 Qg4 32. Ba1 Rh8 33. Rg1 Qd7 34. Ne2 Rhe8 35. Nc3 Qe7 36. Re1 f5 37. gxf6 Bxf6 38. Rg1 Bxh4 39. Rxg6 Bf6 40. Rc1 Rh8 41. Ne2 Nf7 42. Ng3 Rce8 43. Nf5 Qd8 44. Ng7 Bxg7 45. Rxg7 Re7 46. Rxf7 Rxf7 47. Nxe5 Rfh7 48. Nc6 Nxc6 49. dxc6+ Ka7 50. Bxh8 Qxh8 51. e5 h4 52. Rh1 h3 53. Ka2 h2 54. e6 Qf6 0-1

[Event "Kharkov Femida"]
[Site "Kharkov"]
[Date "2003.10.06"]
[Round "1"]
[White "Romanova, Inna"]
[Black "Komiagina, Maria"]
[Result "1-0"]
[WhiteElo "2256"]
[BlackElo "2287"]
[PlyCount "103"]
[EventDate "2003.10.06"]
[EventType "tourn"]
[EventRounds "11"]
[EventCountry "UKR"]
[SourceTitle "CBM 096 Extra"]
[Source "ChessBase"]
[SourceDate "2003.10.22"]
[SourceVersion "2"]
[SourceVersionDate "2003.10.20"]
[SourceQuality "1"]

1. d4 Nf6 2. Nf3 g6 3. Nc3 d5 4. Bf4 Bg7 5. e3 0-0 6. Be2 Bg4 7. h3 Bxf3 8. Bxf3 c6 9. 0-0 Nbd7 10. e4 dxe4 11. Nxe4 Nxe4 12. Bxe4 Nf6 13. Bf3 Nd5 14. Be5 Qd7 15. c4 Nb6 16. Qe2 f6 17. Bg3 Qxd4 18. Rfd1 Qxc4 19. Qxe7 Qf7 20. Qc5 Rfd8 21. Rxd8+ Rxd8 22. Qa5 f5 23. Qxa7 Nc4 24. Rd1 Nd2 25. Kh1 Rd7 26. Qb8+ Bf8 27. Qc8 Qe7 28. Bh4 Nxf3 29. Qxd7 Nxh4 30. Qxe7 Bxe7 31. Rd7 Bc5 32. g3 Nf3 33. Kg2 Ne5 34. Rxb7 Nd3 35. a4 Bb4 36. b3 Kf8 37. Rb6 c5 38. Rb5 Ne5 39. a5 Nc6 40. a6 Ke7 41. a7 Nxa7 42. Rb7+ Kd6 43. Rxa7 Kd5 44. Rd7+ Ke4 45. Rxh7 Kd3 46. Rg7 Kc3 47. Rxg6 Kxb3 48. Rc6 c4 49. Kf3 Kc3 50. Ke3 Bf8 51. h4 Bg7 52. h5 1-0

[Event "Cappelle op 19th"]
[Site "Cappelle la Grande"]
[Date "2003.02.23"]
[Round "2"]
[White "Efimov, Igor"]
[Black "Romanova, Inna"]
[Result "1-0"]
[WhiteElo "2480"]
[BlackElo "2251"]
[PlyCount "73"]
[EventDate "2003.02.22"]
[EventType "swiss"]
[EventRounds "9"]
[EventCountry "FRA"]
[SourceTitle "CBM 092 Extra"]
[Source "ChessBase"]
[SourceDate "2003.03.07"]
[SourceVersion "1"]
[SourceVersionDate "2003.03.07"]
[SourceQuality "1"]

1. d4 Nf6 2. Nf3 e6 3. c4 b6 4. Nc3 Bb4 5. Qb3 a5 6. Bg5 Bb7 7. 0-0-0 Bxc3 8. bxc3 d6 9. Nd2 Nbd7 10. f3 e5 11. e4 0-0 12. Bd3 Re8 13. Rhf1 h6 14. Be3 Nf8 15. g3 Rb8 16. Qc2 Qe7 17. Kb1 Bc6 18. Ka1 b5 19. d5 Bd7 20. cxb5 Bxb5 21. c4 Ba6 22. Nb3 c5 23. Nxa5 Qc7 24. Bd2 Ra8 25. Rb1 Bc8 26. Rb5 Ra6 27. Rfb1 Bd7 28. Rb7 Qd8 29. Qc3 Qa8 30. R1b6 Rc8 31. Rxa6 Qxa6 32. Qb3 Ne8 33. Bc2 Ra8 34. Qb6 f6 35. Kb2 Qxb6+ 36. Rxb6 Ra7 37. Nb7 1-0

[Event "Staufer op 15th"]
[Site "Schwaebisch Gmuend"]
[Date "2003.01.03"]
[Round "5"]
[White "Romanova, Inna"]
[Black "Kunin, Vitaly L"]
[Result "0-1"]
[WhiteElo "2291"]
[BlackElo "2476"]
[PlyCount "86"]
[EventDate "2003.01.02"]
[EventType "swiss"]
[EventRounds "9"]
[EventCountry "GER"]
[SourceTitle "EXT 2004"]
[Source "ChessBase"]
[SourceDate "2003.11.25"]
[SourceVersion "1"]
[SourceVersionDate "2003.11.25"]
[SourceQuality "1"]

1. d4 Nf6 2. c4 e6 3. Nf3 b6 4. a3 c5 5. e3 cxd4 6. exd4 Ba6 7. Be2 Be7 8. 0-0 0-0 9. Nbd2 d5 10. b3 Bd6 11. Bb2 Qe7 12. Ne5 Rd8 13. Bf3 Bb7 14. Qe2 a5 15. Rfc1 Ra7 16. Nd3 Nbd7 17. a4 Ba8 18. Rc2 Rc7 19. Rac1 Rdc8 20. Qe3 Bb7 21. g3 Ba6 22. Ne5 Bb4 23. Be2 dxc4 24. bxc4 Nxe5 25. dxe5 Nd7 26. Ne4 Bb7 27. Bd3 Bxe4 28. Qxe4 g6 29. Bd4 Bc5 30. Bb2 Ba3 31. Qe2 Bxb2 32. Rxb2 Qa3 33. Rd1 Qxa4 34. c5 Nxc5 35. Rxb6 Rd7 36. Bc2 Qa2 37. Rdb1 Na4 38. Rb8 Rdd8 39. Rxc8 Rxc8 40. Bd3 Qxe2 41. Bxe2 Nc3 42. Re1 a4 43. Kf1 Rb8 0-1

[Event "Staufer op 15th"]
[Site "Schwaebisch Gmuend"]
[Date "2003.01.03"]
[Round "4"]
[White "Romanova, Inna"]
[Black "Scheeff, Volker"]
[Result "1-0"]
[WhiteElo "2291"]
[BlackElo "2015"]
[PlyCount "82"]
[EventDate "2003.01.02"]
[EventType "swiss"]
[EventRounds "9"]
[EventCountry "GER"]
[SourceTitle "EXT 2004"]
[Source "ChessBase"]
[SourceDate "2003.11.25"]
[SourceVersion "1"]
[SourceVersionDate "2003.11.25"]
[SourceQuality "1"]

1. d4 d5 2. c4 Nc6 3. cxd5 Qxd5 4. e3 e5 5. Nc3 Bb4 6. Bd2 Bxc3 7. Bxc3 exd4 8. Ne2 Nf6 9. Nxd4 Qg5 10. Nxc6 bxc6 11. Qf3 Nd5 12. h4 Qg6 13. h5 Qg5 14. h6 Bg4 15. hxg7 Rg8 16. Qe4+ Kd7 17. f4 Qg6 18. Qxg6 hxg6 19. Bd4 Rae8 20. Kf2 f6 21. Bxa7 Rxg7 22. Bc5 Rb8 23. b3 g5 24. g3 Bf5 25. Rd1 Ke6 26. Bc4 Be4 27. Rh6 Kf5 28. Rd4 gxf4 29. exf4 Rbg8 30. Rh5+ Kg6 31. g4 f5 32. Rg5+ Kh6 33. Rh5+ Kg6 34. Rg5+ Kf7 35. Rxg7+ Rxg7 36. Bxd5+ Bxd5 37. g5 Rg8 38. Ra4 Rc8 39. Ra6 Kg7 40. Bd4+ Kf8 41. g6 Kg8 1-0

[Event "UKR tt (Women)"]
[Site "Alushta"]
[Date "2003.??.??"]
[Round "3"]
[White "Kononenko, Tatiana"]
[Black "Romanova, Inna"]
[Result "1/2-1/2"]
[WhiteElo "2373"]
[BlackElo "2251"]
[PlyCount "95"]
[EventDate "2003.??.??"]
[EventType "team"]
[EventRounds "7"]
[EventCountry "UKR"]
[SourceTitle "EXT 2005"]
[Source "ChessBase"]
[SourceDate "2004.11.15"]
[SourceVersion "1"]
[SourceVersionDate "2004.11.15"]
[SourceQuality "1"]

1. d4 Nf6 2. c4 e6 3. Nf3 b6 4. g3 Ba6 5. Nbd2 d5 6. Bg2 Be7 7. Ne5 Bb7 8. 0-0 0-0 9. b3 c5 10. dxc5 bxc5 11. cxd5 exd5 12. Bb2 a5 13. Re1 a4 14. bxa4 Qa5 15. Ndc4 Qc7 16. Na3 Rd8 17. Rb1 Nc6 18. Nb5 Qc8 19. Nxc6 Bxc6 20. Be5 Qf5 21. Bf4 Ne4 22. Qb3 g5 23. Be3 d4 24. f3 Nf6 25. Bd2 Nd5 26. a5 Rdb8 27. a4 Qe5 28. Qd3 Qf6 29. Rbc1 Bf8 30. Rb1 Be7 31. Rf1 h5 32. Kh1 Rd8 33. Rfe1 Bf8 34. Rf1 Bg7 35. Rfe1 Bf8 36. Rf1 Bd7 37. Qb3 Be6 38. Qb2 Bf5 39. Rbc1 Kg7 40. Kg1 Be6 41. f4 g4 42. f5 Bxf5 43. Be4 Bxe4 44. Rxf6 Nxf6 45. Rf1 Be7 46. Qc1 Nd5 47. Qc4 Bg6 48. Qc1 1/2-1/2

[Event "BLR-ch (Women)"]
[Site "Minsk"]
[Date "2003.??.??"]
[Round "8"]
[White "Romanova, Inna"]
[Black "Polivoda, Nadeja"]
[Result "0-1"]
[WhiteElo "2251"]
[BlackElo "2161"]
[PlyCount "64"]
[EventDate "2003.03.29"]
[EventType "tourn"]
[EventRounds "11"]
[EventCountry "BLR"]
[SourceTitle "EXT 2006"]
[Source "ChessBase"]
[SourceDate "2005.11.24"]
[SourceVersion "1"]
[SourceVersionDate "2005.11.24"]
[SourceQuality "1"]

1. d4 Nf6 2. c4 g6 3. Nc3 d5 4. cxd5 Nxd5 5. e4 Nxc3 6. bxc3 Bg7 7. Be3 c5 8. Qd2 Qa5 9. Rb1 a6 10. Rc1 0-0 11. Nf3 Rd8 12. d5 Nc6 13. Be2 e6 14. Bg5 Rd7 15. 0-0 exd5 16. exd5 Ne7 17. Qe3 Nxd5 18. Qe8+ Bf8 19. Rcd1 Nc7 20. Qe5 Ne6 21. Bc4 Qb6 22. Bf6 Qc7 23. Bxe6 fxe6 24. Qg5 Rd5 25. Rxd5 exd5 26. Qxd5+ Qf7 27. Qd8 Qd7 28. Rd1 Qxd8 29. Rxd8 b5 30. Ng5 h6 31. Ne6 Bb7 32. Rd7 Re8 0-1

[Event "BLR-ch (Women)"]
[Site "Minsk"]
[Date "2003.??.??"]
[Round "1"]
[White "Romanova, Inna"]
[Black "Volchek, Nastia"]
[Result "1-0"]
[WhiteElo "2251"]
[BlackElo "2152"]
[PlyCount "101"]
[EventDate "2003.03.29"]
[EventType "tourn"]
[EventRounds "11"]
[EventCountry "BLR"]
[SourceTitle "EXT 2006"]
[Source "ChessBase"]
[SourceDate "2005.11.24"]
[SourceVersion "1"]
[SourceVersionDate "2005.11.24"]
[SourceQuality "1"]

1. d4 d5 2. c4 c6 3. Nc3 Nf6 4. Nf3 e6 5. e3 Nbd7 6. Bd3 dxc4 7. Bxc4 b5 8. Bd3 a6 9. e4 c5 10. e5 cxd4 11. Nxb5 Nxe5 12. Nxe5 axb5 13. Bxb5+ Bd7 14. Nxd7 Qa5+ 15. Bd2 Qxb5 16. Nxf6+ gxf6 17. a4 Qd5 18. Qf3 Qxf3 19. gxf3 Bd6 20. Ke2 Ke7 21. b4 Rhb8 22. b5 e5 23. Kd3 Ke6 24. f4 Kd5 25. f3 Bc7 26. Rhc1 Ba5 27. f5 h5 28. Bxa5 Rxa5 29. Rc7 Rb6 30. Rxf7 Ra8 31. Rc7 Kd6 32. Rcc1 Kd5 33. Rcb1 Ra5 34. Rb4 Rb8 35. Rc1 Rba8 36. Rcc4 Kd6 37. Ke4 h4 38. f4 Re8 39. Rc6+ Kd7 40. Rxf6 exf4+ 41. Kxf4 Re2 42. Rxd4+ Kc7 43. Rf7+ Kb6 44. h3 Ra2 45. Rh7 R2xa4 46. Rxa4 Rxa4+ 47. Kg5 Kxb5 48. f6 Kc6 49. f7 Ra8 50. Kf6 Kd6 51. Rxh4 1-0

[Event "Birstonas op"]
[Site "Birstonas"]
[Date "2002.08.22"]
[Round "6"]
[White "Romanova, Inna"]
[Black "Pileckis, Emilis"]
[Result "0-1"]
[WhiteElo "2244"]
[BlackElo "2171"]
[PlyCount "116"]
[EventDate "2002.08.17"]
[EventType "swiss"]
[EventRounds "9"]
[EventCountry "LTU"]
[SourceTitle "CBM 089 Extra"]
[Source "ChessBase"]
[SourceDate "2002.09.10"]
[SourceVersion "2"]
[SourceVersionDate "2002.09.10"]
[SourceQuality "1"]

1. d4 d5 2. c4 e6 3. Nf3 c5 4. cxd5 exd5 5. g3 Nc6 6. Bg2 Nf6 7. 0-0 Be7 8. Nc3 0-0 9. Bg5 cxd4 10. Nxd4 h6 11. Be3 Re8 12. Rc1 Bg4 13. Re1 Qa5 14. a3 Rad8 15. Qd2 Ne5 16. Ne4 Qa6 17. Nxf6+ Bxf6 18. b3 Nc6 19. Nxc6 bxc6 20. f3 d4 21. Bf2 Be6 22. b4 Bc4 23. Bf1 Bd5 24. e4 dxe3 25. Rxe3 Qa4 26. Rxe8+ Rxe8 27. Qd3 Rb8 28. Re1 Bb2 29. Re3 Bc1 30. Re7 Qxa3 31. Qxa3 Bxa3 32. Rxa7 Bxb4 33. Rc7 Ra8 34. Kg2 Ba5 35. Rd7 Rd8 36. Rb7 Bc3 37. Bc5 Be5 38. Ra7 Bd6 39. Bd4 c5 40. Bc3 Bf8 41. Kf2 Rb8 42. Rd7 Be6 43. Rc7 Rc8 44. Ra7 g6 45. Be2 Bg7 46. Bxg7 Kxg7 47. Ke3 Kf6 48. h4 Re8 49. Ra6 Ke5 50. Ra4 Rc8 51. Bd3 Rb8 52. Re4+ Kd6 53. Ra4 Rb4 54. Ra8 Rb3 55. Ke2 Bd5 56. Rd8+ Ke6 57. f4 c4 58. f5+ Ke5 0-1

[Event "Birstonas op"]
[Site "Birstonas"]
[Date "2002.08.20"]
[Round "4"]
[White "Romanova, Inna"]
[Black "Bashkite, Viktoria"]
[Result "1-0"]
[WhiteElo "2244"]
[BlackElo "2138"]
[PlyCount "47"]
[EventDate "2002.08.17"]
[EventType "swiss"]
[EventRounds "9"]
[EventCountry "LTU"]
[SourceTitle "CBM 089 Extra"]
[Source "ChessBase"]
[SourceDate "2002.09.10"]
[SourceVersion "2"]
[SourceVersionDate "2002.09.10"]
[SourceQuality "1"]

1. d4 d5 2. Nf3 c6 3. e3 Nf6 4. c4 e6 5. Nc3 Nbd7 6. Bd3 dxc4 7. Bxc4 b5 8. Bd3 Bb7 9. 0-0 a6 10. e4 c5 11. d5 Be7 12. Re1 exd5 13. Nxd5 Nxd5 14. exd5 0-0 15. Bf4 Bf6 16. Qc2 h6 17. Rad1 Qa5 18. Bf5 Rfd8 19. a3 c4 20. Re2 Rac8 21. Rde1 g5 22. Bxd7 Rxd7 23. Qf5 gxf4 24. Qxd7 1-0